| 000 | 00573nam a22001577a 4500 | ||
|---|---|---|---|
| 003 | OSt | ||
| 005 | 20151214142338.0 | ||
| 008 | 151214b xxu||||| |||| 00| 0 eng d | ||
| 040 | _cRUA | ||
| 082 | _aFIS MOK 2001 B192 Or.1 | ||
| 100 |
_94837 _aMOK, SOKNOEUV. |
||
| 245 | _aConstruction and efficiency of drum seeder,សំណង់ និងប្រសិទ្ធភាពឧបករណ៏ដាំគ្រាប់ស្រូវប្រភេទដ្រាំស៊ីដ័រ | ||
| 260 |
_aPhnom Penh _bRUA _c2001 |
||
| 300 |
_a49p. _bill. _c29cm. |
||
| 942 |
_2ddc _cFIS |
||
| 999 |
_c4498 _d4498 |
||